Statistics for Each Continents Biggest/Smallest Countries

Click here to take the quiz!

General Stats

  • This quiz has been taken 42 times
  • The average score is 11 of 12

Answer Stats

ContinentSmallest/BiggestSizeCountry% Correct
Biggest6,602,000Russia
100%
Biggest3,288,000Brazil
97%
Biggest3,855,000Canada
97%
Biggest3,705,000China
97%
Biggest2,970,000Australia
95%
South AmericaSmallest63,252Suriname
92%
EuropeSmallest0.189Vatican City
92%
Biggest919,600Algeria
89%
OceaniaSmallest8.1Nauru
84%
AfricaSmallest177.2Seychelles
76%
AsiaSmallest115Maldives
71%
North AmericaSmallest104St. Kitts And Nevis
71%

Score Distribution

Percentile by Number Answered

Percent of People with Each Score

Your Score History

You have not taken this quiz